Adresse au Roi Coton / (Record no. 161625)

MARC details
000 -LEADER
campo de control de longitud fija 00639nam a22001815i 4500
001 - NÚMERO DE CONTROL
campo de control 161625
003 - IDENTIFICADOR DE NÚMERO DE CONTROL
campo de control ES-MaACL
005 - FECHA Y HORA DE LA ÚLTIMA TRANSACCIÓN
campo de control 20230906212327.0
008 - DATOS DE LONGITUD FIJA--INFORMACIÓN GENERAL
campo de control de longitud fija 041021s1863 fr |||| | fre d
080 ## - NÚMERO DE LA CLASIFICACIÓN DECIMAL UNIVERSAL
Número de la Clasificación Decimal Universal 32(73)"18"
100 1# - ENTRADA PRINCIPAL--NOMBRE DE PERSONA
Nombre de persona Pelletan, Eugène.
9 (RLIN) 223510
245 10 - MENCIÓN DEL TÍTULO
Título Adresse au Roi Coton /
Mención de responsabilidad, etc. par Eugène Pelletan.
260 ## - PUBLICACIÓN, DISTRIBUCIÓN, ETC.
Lugar de publicación, distribución, etc. Paris :
Nombre del editor, distribuidor, etc. Pagnerre, libraire-éditeur,
Fecha de publicación, distribución, etc. 1863 (
Fabricante Imprimerie de J. Claye)
300 ## - DESCRIPCIÓN FÍSICA
Extensión 43 p. ;
Dimensiones 21 cm.
651 #4 - PUNTO DE ACCESO ADICIONAL DE MATERIA--NOMBRE GEOGRÁFICO
Nombre geográfico Estados Unidos-
Subdivisión general Política y gobierno-
Subdivisión cronológica S.XIX.
9 (RLIN) 172072
852 4# - LOCALIZACIÓN
Ubicación ES-MaACL
Número de control de estantería T-88-F-9
Nota libre - Enc. hol., falto de cub. original
-- - Enc. en un vol. facticio
Holdings
Estatus retirado Estado de pérdida Estado de daño No para préstamo Colección Biblioteca de origen Biblioteca actual Ubicación en estantería Fecha de adquisición Total de préstamos Signatura topográfica completa Código de barras Visto por última vez Precio de reemplazo Tipo de ítem Koha
        Colección de folletos Biblioteca del Ateneo de Madrid Biblioteca del Ateneo de Madrid Depósito folletos 17/01/2008   T-88-F-9 1169303 23/02/2023 23/02/2023 Folleto